| 000 | 02179cam a22005414i 4500 | ||
|---|---|---|---|
| 003 | PE-LiUPU | ||
| 005 | 20250731165642.0 | ||
| 008 | 150616s r 000 0 d | ||
| 020 | _a847151964X | ||
| 035 | _a(Sirsi) i9788471519641 | ||
| 040 |
_aPE-LiUPU _bspa _cPE-LiUPU _erda |
||
| 049 | _aPRUA | ||
| 082 | 0 | 4 |
_a299.903d _bF81 _221 |
| 100 | 1 |
_aFranck, Bernard, _eautor. |
|
| 245 | 1 | 0 |
_aDiccionario de la Nueva Era / _cBernard Franck. |
| 264 | 1 |
_aNavarra, España : _bEditorial Verbo Divino, _c1994. |
|
| 300 |
_a277 páginas ; _c22 centímetros |
||
| 336 |
_atext _2rdacontent |
||
| 337 |
_aunmediated _2rdamedia |
||
| 338 |
_avolume _2rdacarrier |
||
| 490 | 0 | _aColección Diccionarios | |
| 505 | 0 | _aDiccionario de la Nueva Era: A - V Diccionario. | |
| 526 | _aSEG44 | ||
| 526 | _aSEG26 | ||
| 526 | _aP151 | ||
| 526 | _aP150 | ||
| 526 | _aP149 | ||
| 526 | _aP146 | ||
| 526 | _aP145 | ||
| 526 | _aP126 | ||
| 526 | _aP125 | ||
| 526 | _aP92 | ||
| 526 | _aP75 | ||
| 526 | _aP74 | ||
| 526 | _aP27 | ||
| 526 | _aP15 | ||
| 650 | 0 | 4 |
_aNueva era _vDiccionarios. |
| 910 |
_ajck _bjvq _cjck |
||
| 942 |
_2ddc _cBOOK |
||
| 949 |
_aRC 299.903D F81 _wDEWEY _c1 _i43733 _lCCODEBUL1 _mBUL _r0 _sY _tBOOK _u2015-6-16 _xTEOLOGIA _zUNKNOWN _0COMPRA _o.CIRCNOTE. No olvidar cambiar la fecha de devolución!!!!!!! _o.STAFF. Colección General |
||
| 949 |
_aRC 299.903D F81 _wDEWEY _c2 _i40615 _lCCODEBUL1 _mBUL _r0 _sY _tBOOK _u2015-6-16 _xTEOLOGIA _zUNKNOWN _0COMPRA _o.CIRCNOTE. No olvidar cambiar la fecha de devolución!!!!!!! _o.STAFF. Colección General |
||
| 994 |
_aC0 _bPEPRU |
||
| 596 | _a1 | ||
| 999 |
_aRC 299.903D F81 _wDEWEY _c58402 _i43733 _d58402 _f2021-11-8 _g5 _lCCODEBUL1 _mBUL _q1 _r1 _sY _tBOOK _u2015-6-16 _xTEOLOGIA _zUNKNOWN _0COMPRA _o.CIRCNOTE. No olvidar cambiar la fecha de devolución!!!!!!! _o.STAFF. Colección General |
||
| 999 |
_aRC 299.903D F81 _wDEWEY _c2 _i40615 _f2019-12-11 _g5 _lDISCARD _mBUL _r1 _sY _tBOOK _u2015-6-16 _xUNKNOWN _zUNKNOWN _0COMPRA _o.CIRCNOTE. No olvidar cambiar la fecha de devolución!!!!!!! _o.STAFF. Colección General |
||
| 980 |
_81 _gALBERTO SANCHEZ Responsable de Automatización |
||